00833cam a22002291 4500001001300000003000400013005001700017008004100034010001700075035001900092040002000111042001200131050002200143100004500165245018100210260005900391300001800450650004400468651003300512710004100545999001700586ca 17001052 DLC20260227111102.0790524s1885 nyu 000 0 eng  aca 17001052  a(OCoLC)5002046 aDLCcNSufRdDLC apremarc00aTD225.A3bC4 18851 aChandler, Charles Frederick,d1836-1925.00aReport on the waters of the Hudson river,btogether with an analysis of the same, made to the Water commissioners of the city of Albanycby C. F. Chandler, PH.D. January, 1885. aNew York,bTrow's Printing and Bookbinding Co.,c1885. a35 p.c23 cm. 0aWater-supplyzNew York (State)zAlbany. 0aHudson River (N.Y. and N.J.)1 aAlbany (N.Y.).bWater Commissioners. c15028d15028